000 00351 a2200157 4500
001 71143
020 _a
040 _cAnchieta - Colégio São Paulo
100 _aFerreira, Elita
240 1 0 _aO berimbau encantado
_lpor
245 1 0 _aO berimbau encantado
300 _a14
362 0 _a1993
650 4 _aLiteratura infanto-juvenil
942 _cBK
999 _c71143
_d71143